000
00374nam a2200145Ia 4500
008
231129s2004||||xx |||||||||||||| ||spa||
020
_a
9974-7752-4-8
040
_b
spa
082
_a
R 649.1 L953e
100
_a
Luján Barone María
245
0
_a
Entre padres e hijos
260
_c
2004
264
_a
Arquetipo
942
_2
ddc
_c
BKS
999
_c
13206
_d
13206